Character to Fictional Universe - Click Quiz - Statistics

General Stats
  • This quiz has been taken 2,575 times
    1,439 since last reset
  • The average score is 11 of 20
Answer Stats
Hint Answer % Correct
Tony Stark Marvel
96%
Qui-Gon Jinn Star Wars
76%
James Gordon DC
71%
Tom Bombadil Middle Earth
63%
Peter Quill Marvel
60%
Dick Grayson DC
58%
Bib Fortuna Star Wars
58%
Fenrir Greyback Harry Potter
57%
Diana Prince DC
56%
Griphook Harry Potter
55%
Radagast Middle Earth
55%
Matt Murdock Marvel
54%
Norman Osborn Marvel
54%
Stan Shunpike Harry Potter
53%
Shadowfax Middle Earth
48%
Owen Lars Star Wars
44%
Lee Jordan Harry Potter
41%
Wormtongue Middle Earth
41%
Wilhuff Tarkin Star Wars
41%
Oswald Cobblepot DC
40%
No matching quizzes found
Score Distribution
Percent of People with Each Score
Percentile by Number Answered
Your Score History
You have not taken this quiz since the last reset